| 000 | 00355 a2200133 4500 | ||
|---|---|---|---|
| 001 | 92338 | ||
| 082 | _aPR 2375 | ||
| 090 |
_c44295 _d44296 |
||
| 100 | _aHassan Tariq; Prof Farooq Azam (Advisor) | ||
| 245 |
_aTo Implement Hardware Based Circuler Buffer _n60 'B' EC |
||
| 260 |
_aIslamabad _bNUST _c2005 |
||
| 300 | _av, 88p. | ||
| 500 | _aBE Project Report | ||
| 942 |
_aCAE NUST _kPR 2375 |
||
| 999 |
_c327411 _d327411 |
||